Largest U.S. Cities With "Port" in Their Name on a Map - Statistics

General Stats
  • This quiz has been taken 141 times
  • The average score is 7 of 15
Answers on the Map
Answers color-coded by a green-red scale on the quiz's map according to % correct below.
 
Answer Stats
State Population City % Correct
OR 654,741 Portland
98%
ME 66,215 Portland
98%
VA 179,225 Newport News
63%
LA 187,112 Shreveport
63%
CT 144,399 Bridgeport
61%
FL 201,846 Port St. Lucie
61%
MS 71,705 Gulfport
59%
IA 101,590 Davenport
55%
TX 54,280 Port Arthur
39%
VA 94,398 Portsmouth
39%
CA 84,534 Newport Beach
30%
TN 54,127 Kingsport
24%
FL 70,724 North Port
17%
FL 64,842 Port Orange
16%
CA 59,599 Porterville
12%
No matching quizzes found
Score Distribution
Percent of People with Each Score
Percentile by Number Answered
Your Score History
You have not taken this quiz